000 00299nam a22001337a 4500
008 171011b xxu||||| |||| 00| 0 eng d
020 _a9780134379067
041 _aeng
080 _23 ED
_a316
100 _a50
101 _aSOC
245 _aSOCIETY THE BASIC
_cMACIONS.J.J
942 _2udc
_cBK
999 _c33136
_d33136